| 000 | 00451nam a2200157 a 4500 | ||
|---|---|---|---|
| 005 | 20140412111320.0 | ||
| 008 | 010402s19uu xx 00 eng d | ||
| 020 | _a0-7214-1614-4 | ||
| 050 |
_aREF 423.1 _bR282 1991 |
||
| 245 |
_aPicture dictionary / _cillustrated by Anne Matthews. |
||
| 260 |
_aLeicestershire, UK : _bLadybird Books Ltd, _c1991. |
||
| 300 | _a1v. (unp.) ; ill. | ||
| 440 | _aRead With Me | ||
| 650 | _aDictionary | ||
| 999 |
_c104361 _d104361 |
||